书目信息 |
| 题名: |
论规律
|
|
| 作者: | 赵培星 著 | |
| 分册: | ||
| 出版信息: | 北京 人民出版社 1981 |
|
| 页数: | 206页 | |
| 开本: | 19cm | |
| 丛书名: | ||
| 单 册: | ||
| 中图分类: | B022.2 | |
| 科图分类: | ||
| 主题词: | 规律--关系--主观能动性 | |
| 电子资源: | ||
| ISBN: | ||
| 000 | 00591nam0 2200229 45 | |
| 001 | 0181004431 | |
| 005 | 20050616160210.8 | |
| 010 | @dCNY0.47 | |
| 091 | @a2001.197 | |
| 100 | @a19950524d1981 em y0chiy0121 ea | |
| 101 | 0 | @achi |
| 102 | @aCN@b110000 | |
| 105 | @ay z 000yy | |
| 200 | 10 | @a论规律@Alun gui lv@f赵培星著@FZhao Pei Xing Zhu |
| 210 | @a北京@c人民出版社@d1981 | |
| 215 | @a206页@d19cm | |
| 606 | @a规律@x关系@x主观能动性 | |
| 690 | @aB022.2@v3 | |
| 701 | 0 | @a赵培星@4著 |
| 801 | 0 | @aCN@b上海图书馆@c20040508 |
| 801 | 2 | @aCN@bNLC@c20040508 |
| 905 | @dB022.2@e3@f1@b63078 | |
| 论规律/赵培星著.-北京:人民出版社,1981 |
| 206页;19cm |
| ISBN :CNY0.47 |
| ● |
| 相关链接 |
|
|
|
|
正题名:论规律
索取号:B022.2/3
 
预约/预借
| 序号 | 登录号 | 条形码 | 馆藏地/架位号 | 状态 | 备注 |
| 1 | 0063077 | 001146183 | 第一样本阅览室/ [索取号:B022.2/3] | 在馆 | |
| 2 | 0063078 | 002047911 | 第一样本阅览室/ [索取号:B022.2/3] | 在馆 |